Loading...
| History - World | 0 | 6 | 0 | 1 | 60 | 60 | 84.83 | 0 | 2 | 16.80 | 25.35 |
| Mythology | 0 | 3 | 0 | 0 | 30 | 27 | 49.67 | 0 | 2 | 17.74 | 22.05 |
| Geography/Current Events | 0 | 3 | 0 | 3 | 30 | 120 | 127.33 | 0 | 1 | 0.00 | 14.88 |
| History - European | 0 | 3 | 0 | 0 | 30 | 39 | 82.67 | 1 | 1 | 9.39 | 20.56 |
| History - American | 0 | 3 | 1 | 1 | 25 | 99 | 108.67 | 0 | 0 | 2.41 | 8.18 |
| History - Other | 0 | 2 | 1 | 1 | 15 | 87 | 103.50 | 0 | 0 | 2.15 | 6.36 |
| Literature - American | 0 | 2 | 1 | 0 | 15 | 90 | 117.50 | 0 | 0 | 3.14 | 6.59 |
| Fine Arts - Other | 0 | 1 | 0 | 0 | 10 | 100 | 100.00 | 0 | 0 | 3.03 | 2.73 |
| Literature - British | 0 | 1 | 0 | 0 | 10 | 107 | 107.00 | 0 | 1 | 1.49 | 6.82 |
| Literature - World/Other | 0 | 1 | 0 | 0 | 10 | 78 | 78.00 | 0 | 0 | 4.20 | 4.55 |
| Philosophy | 0 | 1 | 0 | 0 | 10 | 92 | 92.00 | 0 | 0 | 2.45 | 4.55 |
| Religion | 0 | 1 | 0 | 0 | 10 | 102 | 102.00 | 0 | 0 | 2.12 | 2.27 |
| Literature - European | 0 | 0 | 1 | 0 | -5 | 0.00 | 0 | 0 | 0.00 | 0.00 | |
| Science - Chemistry | 0 | 0 | 1 | 0 | -5 | 0.00 | 0 | 0 | 0.00 | 0.00 |